|
|
|
|
| LEADER |
01140nam a2200265 a 4500 |
| 001 |
14785932 |
| 008 |
111031s2011 maua 001 0 eng |
| 010 |
|
|
|a 2007273168
|
| 020 |
|
|
|a 9780077292812
|
| 020 |
|
|
|a 9780072992939 (spiral-bound : alk. paper)
|
| 020 |
|
|
|a 007299293X (spiral-bound : alk. paper)
|
| 040 |
|
|
|a DLC
|c DLC
|d DLC
|d BD-DhAAL
|
| 082 |
0 |
0 |
|a 579
|2 22
|
| 100 |
1 |
|
|a Harley, John P.
|
| 245 |
1 |
0 |
|a Laboratory exercises in microbiology /
|c John P. Harley.
|
| 250 |
|
|
|a 8th ed.
|
| 260 |
|
|
|a Boston :
|b McGraw-Hill/Higher Education,
|c c2011.
|
| 300 |
|
|
|a xiii, 440 p. :
|b ill. (some col.) ;
|c 28 cm.
|
| 500 |
|
|
|a Includes index.
|
| 541 |
|
|
|e 00023785
|
| 650 |
|
0 |
|a Microbiology
|v Laboratory manuals.
|
| 852 |
1 |
|
|a Ayesha Abed Library
|c General shelf.
|
| 999 |
|
|
|c 11380
|d 11380
|
| 952 |
|
|
|0 0
|1 0
|2 ddc
|4 0
|6 579_HAR
|7 0
|9 18504
|a BRACUL
|b BRACUL
|c GEN
|d 2011-10-27
|e TRIM EDUCATION
|g 10750.00
|l 30
|m 232
|o 579 HAR
|p 3010023785
|r 2026-05-16
|s 2026-04-02
|t 1
|w 2011-11-01
|y BK
|
| 952 |
|
|
|0 0
|1 0
|2 ddc
|4 0
|6 579_HAR
|7 0
|9 18505
|a BRACUL
|b BRACUL
|c GEN
|d 2011-10-27
|e TRIM EDUCATION
|g 10750.00
|l 16
|m 100
|o 579 HAR
|p 3010023786
|r 2026-01-17
|s 2026-01-03
|t 2
|w 2011-11-01
|y BK
|